原神所有地名(更新至4.5) - Statistics

General Stats
  • This quiz has been taken 55 times
  • The average score is 54 of 244
Answer Stats
地名 % Correct
蒙德
91%
稻妻
85%
璃月
83%
须弥
70%
蒙德城
70%
枫丹
63%
璃月港
63%
风龙废墟
59%
层岩巨渊
52%
稻妻城
52%
风起地
48%
望舒客栈
48%
须弥城
48%
龙脊雪山
46%
鹤观
43%
摘星崖
43%
晨曦酒庄
41%
鸣神岛
39%
渊下宫
39%
达达乌帕谷
39%
清泉镇
39%
苍风高地
37%
石门
37%
离岛
37%
枫丹廷
37%
珉林
35%
八酝岛
35%
下风蚀地
35%
上风蚀地
35%
望风山地
35%
果酒湖
35%
奔狼领
35%
马斯克礁
33%
天云峠
33%
赤王陵
33%
云来海
30%
清籁岛
30%
海祇岛
30%
桓那兰那
30%
千风神殿
30%
孤云阁
30%
奥藏山
30%
大日御舆
30%
风啸山坡
28%
碧水原
28%
低语森林
28%
地中之盐
28%
归离原
28%
神里屋敷
28%
珊瑚宫
28%
奥摩斯港
28%
坠星山谷
26%
明冠山地
26%
琼玑野
26%
沉玉谷·上谷
26%
沉玉谷·南陵
26%
神无冢
26%
白露区
26%
星落湖
26%
誓言岬
26%
鹰翔海滩
26%
轻策庄
26%
琥牢山
26%
踏鞴砂
26%
璃沙郊
24%
道成林
24%
千壑沙地
24%
浮罗囿
24%
望风角
24%
明蕴镇
24%
瑶光滩
24%
天衡山
24%
庆云顶
24%
影向山
24%
卡萨扎莱宫
24%
化城郭
24%
达马山
24%
二净甸
22%
失落的苗圃
22%
列柱沙原
22%
寒天之钉
22%
星荧洞窟
22%
荻花洲
22%
无妄坡
22%
翘英庄
22%
鸣神大社
22%
绀田村
22%
无想刃狭间
22%
维摩庄
22%
活力之家
22%
柔灯港
22%
梅洛彼得堡
22%
欧庇克莱歌剧院
22%
来歆山
20%
层岩巨渊·地下矿区
20%
护世森
20%
阿陀河谷
20%
枫丹廷区
20%
苍晶区
20%
眠龙谷
20%
明冠峡
20%
华光林
20%
巨渊之口
20%
遗珑埠
20%
镇守之森
20%
刃连岛
20%
荒海
20%
九条阵屋
20%
水天丛林
20%
秋分山西侧
20%
白淞镇
20%
善见地
17%
伊黎耶林区
17%
莫尔泰区
17%
黎翡区
17%
覆雪之路
17%
渌华池
17%
绝云间
17%
天遒谷
17%
南天门
17%
天工峡
17%
赤望台
17%
临时主矿道
17%
白狐之野
17%
浅濑神社
17%
菅名山
17%
曚云神社
17%
蛇心之地
17%
无郁稠林
17%
茸蕈窟
17%
禅那园
17%
往昔的桓那兰那
17%
阿如村
17%
圣显厅
17%
荼诃落谷
17%
露景泉
17%
海露港
17%
厄里那斯
17%
荒石苍漠
15%
枫丹动能工程科学研究院区
15%
雪葬之都·旧宫
15%
雪葬之都·近郊
15%
遁玉陵
15%
青墟浦
15%
采樵谷
15%
琉璃峰
15%
伏鳌谷
15%
宝玦口
15%
药蝶谷
15%
赤璋城垣
15%
甘金岛
15%
蛇神之首
15%
藤兜砦
15%
千来神祠
15%
茂知祭场
15%
惑饲滩
15%
知比山
15%
逢岳之野
15%
水月池
15%
望泷村
15%
蛇肠之路
15%
香醉坡
15%
降诸魔山
15%
觉王之殿
15%
舍身陷坑
15%
愚妄行宫
15%
塔尼特露营地
15%
甘露花海
15%
跋松顶
15%
聚香海岸
15%
铁穆山
15%
荼泥黑渊
15%
新枫丹科学院
15%
幽林雾道
15%
优兰尼娅湖
15%
秋分山东侧
15%
芒索斯山东麓
15%
茉洁站
15%
塞洛海原
15%
海沫村
15%
翠玦坡
13%
灵矩关
13%
地面矿区
13%
丹砂崖
13%
古茶树坡
13%
沉珑渊
13%
暝垣山
13%
悬练山
13%
巨渊主矿区
13%
崎岖石厅
13%
地下水泽
13%
无名遗迹
13%
荧光狭道
13%
巨蛇岩洞
13%
平海砦
13%
越石村
13%
「清籁丸」
13%
名椎滩
13%
绯木村
13%
无明砦
13%
常夜灵庙
13%
歧之地
13%
狭间之街
13%
离渡谷
13%
天臂池
13%
谒颂幽境
13%
喀万驿
13%
荼诃之座
13%
镔铁沙丘
13%
啁哳之沙
13%
亡者狭廊
13%
「三运河之地」
13%
「神的棋盘」
13%
折胫谷
13%
饱饮之丘
13%
铄石之丘
13%
锋刃林泽
13%
阻勒隘
13%
中央实验室遗址
13%
湖中垂柳
13%
卡布狄斯堡遗迹
13%
灵濛山
11%
锦落庭
11%
蛇骨矿洞
11%
笈名海滨
11%
八衢姬之地
11%
八衢彦之地
11%
巨人峡谷
11%
丰饶绿洲
11%
避让之丘
11%
安眠处
11%
希望之路
11%
「寂寞的地方」
11%
伏仙洞
9%
「五绿洲」的孑遗
9%
秘仪圣殿
9%
自体自身之塔
9%
塔拉塔海谷
9%
埃尔顿海沟
9%
「特别温暖的地方」
9%
灵枢庭
7%
自然哲学学院
7%
「很明亮的地方」
7%
No matching quizzes found
Score Distribution
Percent of People with Each Score
Percentile by Number Answered
Your Score History
You have not taken this quiz